Radiation Oncology A MCQ and Case Study-Based Review /

This book, arranged in an MCQ format complemented by oral exam questions, is designed to meet the needs of a wide range of examinees. Essential aspects of radiation physics, radiobiology, and clinical radiation oncology are well covered. Tumors at different sites are addressed in a series of individ...

Full description

Bibliographic Details
Main Authors: Beyzadeoglu, Murat (Author), Ozyigit, Gokhan (Author), Selek, Ugur (Author)
Corporate Author: SpringerLink (Online service)
Format: Electronic eBook
Language:English
Published: Berlin, Heidelberg : Springer Berlin Heidelberg, 2012.
Subjects:
Online Access:Full Text via HEAL-Link
LEADER 02092nam a22004695i 4500
001 978-3-642-27988-1
003 DE-He213
005 20151103132116.0
007 cr nn 008mamaa
008 120411s2012 gw | s |||| 0|eng d
020 |a 9783642279881  |9 978-3-642-27988-1 
024 7 |a 10.1007/978-3-642-27988-1  |2 doi 
040 |d GrThAP 
050 4 |a RM845-862.5 
072 7 |a MJCL1  |2 bicssc 
072 7 |a MED080000  |2 bisacsh 
082 0 4 |a 615.842  |2 23 
100 1 |a Beyzadeoglu, Murat.  |e author. 
245 1 0 |a Radiation Oncology  |h [electronic resource] :  |b A MCQ and Case Study-Based Review /  |c by Murat Beyzadeoglu, Gokhan Ozyigit, Ugur Selek. 
264 1 |a Berlin, Heidelberg :  |b Springer Berlin Heidelberg,  |c 2012. 
300 |a XIV, 490 p. 341 illus., 285 illus. in color.  |b online resource. 
336 |a text  |b txt  |2 rdacontent 
337 |a computer  |b c  |2 rdamedia 
338 |a online resource  |b cr  |2 rdacarrier 
347 |a text file  |b PDF  |2 rda 
520 |a This book, arranged in an MCQ format complemented by oral exam questions, is designed to meet the needs of a wide range of examinees. Essential aspects of radiation physics, radiobiology, and clinical radiation oncology are well covered. Tumors at different sites are addressed in a series of individual chapters, and further chapters are devoted to lymphomas and total body irradiation, pediatric tumors, and rare tumors and benign diseases. The answer keys provide clear explanations for both the correct answers and incorrect statements. 
650 0 |a Medicine. 
650 0 |a Radiology. 
650 0 |a Radiotherapy. 
650 0 |a Oncology. 
650 1 4 |a Medicine & Public Health. 
650 2 4 |a Radiotherapy. 
650 2 4 |a Oncology. 
650 2 4 |a Diagnostic Radiology. 
700 1 |a Ozyigit, Gokhan.  |e author. 
700 1 |a Selek, Ugur.  |e author. 
710 2 |a SpringerLink (Online service) 
773 0 |t Springer eBooks 
776 0 8 |i Printed edition:  |z 9783642279874 
856 4 0 |u http://dx.doi.org/10.1007/978-3-642-27988-1  |z Full Text via HEAL-Link 
912 |a ZDB-2-SME 
950 |a Medicine (Springer-11650)